000 00497nam a2200169Ia 4500
008 090124s9999 xx 000 0 und d
082 _b30764
_a7329
100 _aआपटे हरि नारायण
245 _a वज्राघात
250 _a0
300 _a204
600 _aआपटे हरि नारायण
630 _a वज्राघात
700 _aआपटे हरि नारायण
730 _a वज्राघात
942 _cBOOK
999 _c144244
_d144244